000 00419nam a2200157 i 4500
001 101772
003 ES-MaACL
005 20230906182957.0
007 t|
008 051025s1959 sp ||||1| spa d
100 1 _aMelero, Rafael.
_979943
245 1 0 _aAlba del viento /
_cRafael Melero.
260 _aBilbao :
_bAlrededor de la mesa,
_c1959.
300 _a47 p. ;
_c22 cm.
852 _aES-MaACL
_j2016-F-2
_bR.44795
999 _c101772
_d101772